El estado actual de la lingüística

Uloženo v:
Podrobná bibliografie
Hlavní autor: Hockett, Charles
Médium: Kniha
Jazyk:Undetermined
Vydáno: Madrid, España Akal 1974
Témata:
Tagy: Přidat tag
Žádné tagy, Buďte první, kdo vytvoří štítek k tomuto záznamu!

MARC

LEADER 00000nam a2200000Ia 4500
008 170316s9999 xx 000 0 und d
090 |a 410 H-17e 
100 |a Hockett, Charles 
245 |a El estado actual de la lingüística 
260 |a Madrid, España 
260 |b Akal 
260 |c 1974 
300 |a 139 páginas 
650 |a LINGÜÍSTICA 
999 |c 18449  |d 18449 
040 |a cru BVZT 
942 |c 15 D  |h 410 H-17e  |2 z